[Event "CHI-chT"]
[Site "Santiago de Chile"]
[Date "2019.09.26"]
[Round "3.3"]
[White "Castro Salgado, Pablo Alonso"]
[Black "Pino, Shalim Karim"]
[Result "1-0"]
[WhiteElo "1319"]
[BlackElo "1558"]
[PlyCount "50"]
[EventDate "2019.09.05"]
[EventType "team-swiss"]
[EventRounds "9"]
[EventCountry "CHI"]
[SourceTitle "CBM 193 Extra"]
[Source "ChessBase"]
[SourceDate "2020.01.31"]
[SourceVersion "1"]
[SourceVersionDate "2020.01.31"]
[SourceQuality "1"]
[WhiteTeam "Talagante CC"]
[BlackTeam "Chess Maipu"]
[WhiteTeamCountry "CHI"]
[BlackTeamCountry "CHI"]

1. e4 e5 2. Nf3 Nc6 3. Bb5 Nge7 4. 0-0 g6 5. d4 exd4 6. Nxd4 Bg7 7. c3 0-0 8. Bg5 a6 9. Nxc6 dxc6 10. Qxd8 Rxd8 11. Bxe7 Re8 12. Bxc6 Rxe7 13. Bd5 c6 14. Bc4 Rxe4 15. Nd2 Re7 16. Rfe1 Be6 17. Bxe6 Rxe6 18. Rxe6 fxe6 19. Ne4 Rd8 20. Re1 b6 21. f3 Kf7 22. Ng5+ Kf6 23. Nxh7+ Kf5 24. g4+ Kf4 25. Re4+ Kxf3 1-0

[Event "CHI-chT"]
[Site "Santiago de Chile"]
[Date "2019.09.12"]
[Round "2.3"]
[White "Pino, Shalim Karim"]
[Black "Sebastian Gaete, Daniel Eduardo"]
[Result "1-0"]
[WhiteElo "1558"]
[BlackElo "1686"]
[PlyCount "139"]
[EventDate "2019.09.05"]
[EventType "team-swiss"]
[EventRounds "9"]
[EventCountry "CHI"]
[SourceTitle "CBM 193 Extra"]
[Source "ChessBase"]
[SourceDate "2020.01.31"]
[SourceVersion "1"]
[SourceVersionDate "2020.01.31"]
[SourceQuality "1"]
[WhiteTeam "Chess Maipu"]
[BlackTeam "Rafael Sotomayor CC"]
[WhiteTeamCountry "CHI"]
[BlackTeamCountry "CHI"]

1. d4 d5 2. c4 e6 3. Nf3 Nf6 4. Nc3 Be7 5. Bf4 c6 6. cxd5 exd5 7. h3 0-0 8. e3 Bf5 9. Bd3 Bxd3 10. Qxd3 Nbd7 11. 0-0 Re8 12. Rfc1 Nf8 13. Na4 Ne6 14. Bh2 Bd6 15. Bxd6 Qxd6 16. Nc5 Nxc5 17. Rxc5 Ne4 18. Rc2 Qf6 19. b4 a6 20. Ne5 Rad8 21. a4 Nd6 22. Qb3 Re6 23. Rac1 Qf5 24. Re2 Qf6 25. Rc5 Qe7 26. Rec2 Ne4 27. Ra5 f6 28. Nd3 Qf7 29. b5 cxb5 30. axb5 Rb6 31. Qa3 axb5 32. Rb2 Nd6 33. Qc5 Rc6 34. Qa7 Nc4 35. Raxb5 Nxb2 36. Rxb7 Qg6 37. Nf4 Qh6 38. Rb8 Rcc8 39. Rb7 Ra8 40. Qb6 Nc4 41. Qe6+ Kh8 42. Qe7 Re8 43. Qd7 Rad8 44. Qc7 Nd6 45. Rb6 Nf5 46. Ne6 Rc8 47. Qd7 Nxe3 48. Rd6 Rc1+ 49. Kh2 Nf1+ 50. Kg1 Nd2+ 51. Kh2 Nf1+ 52. Kg1 Ng3+ 53. Kh2 Rh1+ 54. Kxg3 Qg6+ 55. Kf3 Qd3+ 56. Kg4 f5+ 57. Kh4 Qe4+ 58. g4 Rxh3+ 59. Kxh3 Qh1+ 60. Kg3 Qg1+ 61. Kf3 Qxg4+ 62. Ke3 f4+ 63. Kd2 Qg6 64. Qxe8+ Qxe8 65. Rd8 Qxd8 66. Nxd8 g5 67. Nf7+ Kg7 68. Nxg5 Kg6 69. Nh3 Kf5 70. f3 1-0